<?xml version="1.0" encoding="UTF-8"?>
<record
    xmlns:xsi="http://www.w3.org/2001/XMLSchema-instance"
    xsi:schemaLocation="http://www.loc.gov/MARC21/slim http://www.loc.gov/standards/marcxml/schema/MARC21slim.xsd"
    xmlns="http://www.loc.gov/MARC21/slim">

  <leader>00423nam a2200157   4500</leader>
  <controlfield tag="001">6012</controlfield>
  <datafield tag="090" ind1=" " ind2=" ">
    <subfield code="a">6012</subfield>
  </datafield>
  <datafield tag="100" ind1=" " ind2=" ">
    <subfield code="a">20190723b u||y0fre||u0ba y50</subfield>
  </datafield>
  <datafield tag="101" ind1=" " ind2=" ">
    <subfield code="a">spa</subfield>
  </datafield>
  <datafield tag="200" ind1=" " ind2=" ">
    <subfield code="a">Rebeli&#xF3;n</subfield>
    <subfield code="b">P&#xE9;riodique</subfield>
    <subfield code="e">periodico politico comunista</subfield>
  </datafield>
  <datafield tag="210" ind1=" " ind2=" ">
    <subfield code="a">[S.l.]</subfield>
    <subfield code="c">[s.n.]</subfield>
    <subfield code="d">197?</subfield>
  </datafield>
  <datafield tag="215" ind1=" " ind2=" ">
    <subfield code="c">ill.</subfield>
    <subfield code="d">21 cm</subfield>
  </datafield>
  <datafield tag="606" ind1=" " ind2=" ">
    <subfield code="9">6556</subfield>
    <subfield code="a">Espagne 1939-1977 : dictature franquiste</subfield>
  </datafield>
  <datafield tag="607" ind1=" " ind2=" ">
    <subfield code="9">493</subfield>
    <subfield code="a">Espagne</subfield>
  </datafield>
  <datafield tag="801" ind1=" " ind2=" ">
    <subfield code="a">CH</subfield>
    <subfield code="b">CH-002049-8</subfield>
  </datafield>
  <datafield tag="955" ind1=" " ind2=" ">
    <subfield code="r">1971 : n&#xB0;6 (sept.)</subfield>
  </datafield>
  <datafield tag="995" ind1=" " ind2=" ">
    <subfield code="1">0</subfield>
    <subfield code="2">0</subfield>
    <subfield code="3">0</subfield>
    <subfield code="5">2026-05-05</subfield>
    <subfield code="9">6983</subfield>
    <subfield code="b">ARCHIC</subfield>
    <subfield code="c">ARCHIC</subfield>
    <subfield code="e">P&#xE9;riodiques</subfield>
    <subfield code="f">7834</subfield>
    <subfield code="h">Christian Tirefort</subfield>
    <subfield code="k">P203</subfield>
    <subfield code="o">1</subfield>
  </datafield>
</record>
